[Event "Skalica Rapid op"]
[Site "Skalica"]
[Date "2020.08.29"]
[Round "4"]
[White "Gurevich, Michele"]
[Black "Sperat Czar, Nicolas1"]
[Result "0-1"]
[WhiteElo "1107"]
[BlackElo "1431"]
[PlyCount "56"]
[EventDate "2020.08.29"]
[EventType "swiss (rapid)"]
[EventRounds "7"]
[EventCountry "SVK"]
[SourceTitle "CBM 198 Extra"]
[Source "ChessBase"]
[SourceDate "2020.11.30"]
[SourceVersion "1"]
[SourceVersionDate "2020.11.30"]
[SourceQuality "1"]

1. e4 e6 2. d4 d5 3. Nc3 Bb4 4. Bd2 Ne7 5. e5 c5 6. Nf3 0-0 7. Be2 Nbc6 8. Be3 Nf5 9. Bg5 Qa5 10. 0-0 Nfxd4 11. Nxd4 Nxd4 12. a3 Bxc3 13. bxc3 Nxe2+ 14. Qxe2 Qxc3 15. Bd2 Qxc2 16. Rfc1 Qg6 17. Rxc5 Bd7 18. Rc7 Bc6 19. Bb4 d4 20. f3 d3 21. Qf2 Rfc8 22. Rxc8+ Rxc8 23. Qxa7 Bxf3 24. Qf2 Bd5 25. Rf1 Rc2 26. Qg3 Rxg2+ 27. Kh1 Rxg3+ 28. Rf3 Bxf3# 0-1

[Event "Skalica Rapid op"]
[Site "Skalica"]
[Date "2020.08.29"]
[Round "1"]
[White "Pniaczek, Marek"]
[Black "Gurevich, Michele"]
[Result "1-0"]
[WhiteElo "1969"]
[BlackElo "1107"]
[PlyCount "67"]
[EventDate "2020.08.29"]
[EventType "swiss (rapid)"]
[EventRounds "7"]
[EventCountry "SVK"]
[SourceTitle "CBM 198 Extra"]
[Source "ChessBase"]
[SourceDate "2020.11.30"]
[SourceVersion "1"]
[SourceVersionDate "2020.11.30"]
[SourceQuality "1"]

1. e4 e5 2. Nf3 Nf6 3. d4 exd4 4. e5 Qe7 5. Qxd4 Nc6 6. Qf4 d6 7. Bb5 Nd5 8. Qe4 Qe6 9. 0-0 Be7 10. Nd4 Nf6 11. Bxc6+ Bd7 12. exf6 Qxe4 13. Bxe4 Bxf6 14. c3 c5 15. Nf5 Bxf5 16. Bxf5 0-0 17. Bf4 Rad8 18. Nd2 Rfe8 19. Ne4 Be7 20. Rfe1 Bf8 21. Nd2 Be7 22. Kf1 g6 23. Bd3 a6 24. c4 d5 25. cxd5 Rxd5 26. Bc4 Rd4 27. Be3 Rdd8 28. a4 Rc8 29. Ne4 Bf8 30. Nf6+ Kg7 31. Nxe8+ Rxe8 32. Bh6+ Kg8 33. Rxe8 Kh8 34. Rxf8# 1-0